| 000 | 00745nam a22002177a 4500 | ||
|---|---|---|---|
| 005 | 20100802152622.0 | ||
| 010 | _aENG-97700 | ||
| 020 |
_a9788120339309 _c425.00 |
||
| 035 | _aEN-81233 | ||
| 037 | _bDBAD/PUB | ||
| 082 | _a003 | ||
| 100 |
_aSen, Rathindra P. _94850 |
||
| 245 |
_aOperations research : _balgorithms and applications / |
||
| 260 |
_aNew Delhi _bPHI Learning _c2010 |
||
| 270 |
_aM-97, Connaught Circus _bNew Delhi _e110001 |
||
| 300 |
_axvii,789p. _bill. _c23cm (pbk) |
||
| 500 | _aIncludes bibliographical references and index | ||
| 650 |
_aOperations research _94851 |
||
| 942 |
_2ddc _cEN _h003 _mSEN |
||
| 999 |
_c38736 _d38736 |
||